Score 0/10 Timer 01:00
1 Play Today
% Correct
Kobe Bryant
92.9%
Tom Brady
92.6%
Larry Bird
91.1%
Yogi Berra
82.8%
Barry Bonds
80.2%
Johnny Bench
71.9%
George Brett
71.4%
Martin Brodeur
69.3%
Jean Beliveau
63.5%
Ray Bourque
62.6%

Today's Daily Dose

Remove Ads.
Support Sporcle.
Get the best of Sporcle when you Go Orange. This ad-free experience offers more features, more stats, and more fun while also helping to support Sporcle. Thank you for becoming a member.

You're not logged in!

Compare scores with friends on all Sporcle quizzes.
OR
Log In

Show Comments

Extras

Top Quizzes Today


Score Distribution

Your Account Isn't Verified!

In order to create a playlist on Sporcle, you need to verify the email address you used during registration. Go to your Sporcle Settings to finish the process.

Report this User

Report this user for behavior that violates our Community Guidelines.

Details: